[Event "AUT_chT 2012/13"]
[Site "Hohenems"]
[Date "2013.03.21"]
[Round "8"]
[Board "4"]
[White "Abel, Dennes"]
[Black "Fauland, Alexander"]
[Result "0-1"]
[WhiteElo "2450"]
[BlackElo "2439"]
[PlyCount "56"]
[EventDate "2012.11.02"]
[EventType "team"]
[EventRounds "11"]
[EventCountry "AUT"]
[WhiteTeam "ASVOE Wulkaprodersdorf"]
[BlackTeam "SK Advisory Invest Baden"]

1. c4 g6 2. Nc3 Bg7 3. g3 e5 4. Bg2 d6 5. e4 Nc6 6. Nge2 h5 
7. d3 h4 8. f4 hxg3 9. hxg3 Rxh1+ 10. Bxh1 Nf6 11. Be3 Nh5 12. Kd2 Bg4 
13. Qg1 Qd7 14. Rf1 O-O-O 15. f5 gxf5 16. exf5 Nf6 17. Bg5 Rh8 18. Bg2 Rh5 
19. Bh4 Kb8 20. Ne4 Nxe4+ 21. Bxe4 Bh6+ 22. Ke1 Nb4 23. Kf2 Nc2 24. Qh1 Be3+ 
25. Kg2 Bxe2 26. Re1 Nd4 27. Rxe2 Nxe2 28. Qd1 Nf4+ 0-1

[Event "AUT_chT 2012/13"]
[Site "Hohenems"]
[Date "2013.03.21"]
[Round "8"]
[Board "5"]
[White "Brandner, Stefan"]
[Black "Thiede, Lars"]
[Result "1-0"]
[WhiteElo "2271"]
[BlackElo "2441"]
[PlyCount "97"]
[EventDate "2012.11.02"]
[EventType "team"]
[EventRounds "11"]
[EventCountry "AUT"]
[WhiteTeam "SK Advisory Invest Baden"]
[BlackTeam "ASVOE Wulkaprodersdorf"]

1. g3 g6 2. Bg2 Bg7 3. e4 c5 4. c3 Nc6 5. Ne2 d6 6. O-O Nf6 
7. d4 Bd7 8. h3 Qb6 9. Na3 O-O 10. f4 cxd4 11. cxd4 Nh5 12. Be3 Qxb2 
13. Nc2 Rac8 14. Rb1 Qxa2 15. g4 Nf6 16. e5 Nd5 17. Bf2 Nd8 18. Be4 Bc6 
19. Ra1 Qb3 20. Ra3 Qb6 21. f5 Qc7 22. Bg3 dxe5 23. dxe5 Ne3 24. Rxe3 Bxe4 
25. Ncd4 Bd5 26. f6 Bh6 27. Rc3 Nc6 28. Nf5 gxf5 29. Qxd5 e6 30. Qg2 Kh8 
31. gxf5 Qb6+ 32. Kh2 Nd4 33. Rxc8 Rxc8 34. Bf2 Rg8 35. Qe4 Qc6 36. Qxc6 Nxc6 
37. fxe6 fxe6 38. Bc5 Rd8 39. Nf4 Nxe5 40. Nxe6 Rd2+ 41. Kh1 Nf7 42. Re1 Kg8 
43. Nd4 Nd6 44. Re7 b6 45. Ne6 Rd1+ 46. Kg2 Rd2+ 47. Kf1 bxc5 48. f7+ Kh8 
49. Re8+ 1-0

[Event "AUT_chT 2012/13"]
[Site "Hohenems"]
[Date "2013.03.21"]
[Round "8"]
[Board "6"]
[White "Volkmann, Friedrich Karl"]
[Black "Dzierzenga, Stefan"]
[Result "1-0"]
[WhiteElo "2416"]
[BlackElo "2191"]
[PlyCount "55"]
[EventDate "2012.11.02"]
[EventType "team"]
[EventRounds "11"]
[EventCountry "AUT"]
[WhiteTeam "ASVOE Wulkaprodersdorf"]
[BlackTeam "SK Advisory Invest Baden"]

1. e4 e6 2. d4 d5 3. exd5 exd5 4. Nf3 Nf6 5. c4 Be7 6. Nc3 O-O 
7. cxd5 Nxd5 8. Bd3 Nc6 9. O-O Be6 10. Re1 Re8 11. h3 h6 12. Bb5 Bf6 
13. Ne4 Bd7 14. Qb3 Nb6 15. d5 Na5 16. Qb4 c6 17. Nxf6+ Qxf6 18. Rxe8+ Rxe8 
19. Bf1 Nxd5 20. Qxa5 Bxh3 21. Qxa7 Bg4 22. Qd4 Qf5 23. Nh2 Be2 24. Be3 Nxe3 
25. fxe3 Qc2 26. Qc3 Qxc3 27. bxc3 Rxe3 28. Re1 1-0

[Event "AUT_chT 2012/13"]
[Site "Hohenems"]
[Date "2013.03.21"]
[Round "8"]
[Board "1"]
[White "Erdos, Viktor"]
[Black "Ragger, Markus"]
[Result "1/2-1/2"]
[WhiteElo "2636"]
[BlackElo "2655"]
[PlyCount "46"]
[EventDate "2012.11.02"]
[EventType "team"]
[EventRounds "11"]
[EventCountry "AUT"]
[WhiteTeam "SK Husek Wien"]
[BlackTeam "SK MPOE Maria Saal"]

1. e4 e5 2. Nf3 Nc6 3. Nc3 Nf6 4. d4 exd4 5. Nxd4 Bb4 6. Nxc6 bxc6 
7. Bd3 d5 8. exd5 cxd5 9. O-O O-O 10. Bg5 c6 11. Qf3 Be7 12. Rfe1 h6 
13. Bxh6 gxh6 14. Qe3 d4 15. Qxh6 Qd6 16. Qg5+ Kh8 17. Qh6+ Kg8 18. Rxe7 Qxe7 
19. Nd5 cxd5 20. Qg5+ Kh8 21. Qh6+ Kg8 22. Qg5+ Kh8 23. Qh6+ Kg8 1/2-1/2

[Event "AUT_chT 2012/13"]
[Site "Hohenems"]
[Date "2013.03.21"]
[Round "8"]
[Board "2"]
[White "Predojevic, Borki"]
[Black "Horvath, Jozsef"]
[Result "1-0"]
[WhiteElo "2607"]
[BlackElo "2536"]
[PlyCount "51"]
[EventDate "2012.11.02"]
[EventType "team"]
[EventRounds "11"]
[EventCountry "AUT"]
[WhiteTeam "SK MPOE Maria Saal"]
[BlackTeam "SK Husek Wien"]

1. e4 c5 2. Nf3 g6 3. c3 Bg7 4. d4 cxd4 5. cxd4 d5 6. e5 Bg4 
7. Nbd2 Nc6 8. h3 Bxf3 9. Nxf3 e6 10. Bd3 Nge7 11. O-O O-O 12. Bd2 Qb6 
13. Bc3 f6 14. exf6 Bxf6 15. Qe2 Rf7 16. Rad1 Nf5 17. Qxe6 Nfxd4 18. Nxd4 Bxd4 
19. Bxd4 Nxd4 20. Qxb6 axb6 21. Bb1 Ra4 22. Rd2 Kg7 23. b3 Rb4 24. a3 Nxb3 
25. Rb2 Rb5 26. Bd3 1-0

[Event "AUT_chT 2012/13"]
[Site "Hohenems"]
[Date "2013.03.21"]
[Round "8"]
[Board "4"]
[White "Pavasovic, Dusko"]
[Black "Juhasz, Kristof"]
[Result "1-0"]
[WhiteElo "2557"]
[BlackElo "2331"]
[PlyCount "61"]
[EventDate "2012.11.02"]
[EventType "team"]
[EventRounds "11"]
[EventCountry "AUT"]
[WhiteTeam "SK MPOE Maria Saal"]
[BlackTeam "SK Husek Wien"]

1. e4 c6 2. d4 d5 3. exd5 cxd5 4. c4 Nf6 5. Nc3 Nc6 6. Bg5 dxc4 
7. Bxc4 Qxd4 8. Qxd4 Nxd4 9. O-O-O e5 10. f4 Bg4 11. Nf3 Nxf3 12. gxf3 Bxf3 
13. fxe5 Bxh1 14. exf6 h6 15. Re1+ Kd7 16. Rd1+ Kc6 17. Bb5+ Kb6 18. Be3+ Bc5 
19. Bxc5+ Kxc5 20. Rxh1 gxf6 21. Rf1 a6 22. Be2 b5 23. a3 Kd4 24. Rxf6 Ra7 
25. Rf5 Re8 26. Rh5 Re6 27. Kd2 Rd6 28. Bd3 f5 29. Rxf5 Re7 30. Ne2+ Rxe2+ 
31. Kxe2 1-0

[Event "AUT_chT 2012/13"]
[Site "Hohenems"]
[Date "2013.03.21"]
[Round "8"]
[Board "5"]
[White "Wallner, Joachim"]
[Black "Tratar, Marko"]
[Result "1/2-1/2"]
[WhiteElo "2378"]
[BlackElo "2512"]
[PlyCount "93"]
[EventDate "2012.11.02"]
[EventType "team"]
[EventRounds "11"]
[EventCountry "AUT"]
[WhiteTeam "SK Husek Wien"]
[BlackTeam "SK MPOE Maria Saal"]

1. b3 d5 2. Bb2 Bg4 3. g3 c5 4. Bg2 Nc6 5. Nf3 e6 6. O-O Nf6 
7. d3 Bd6 8. c4 d4 9. Nbd2 e5 10. a3 a5 11. e3 O-O 12. Qc2 h6 
13. Rae1 Qd7 14. Bc1 Bc7 15. exd4 exd4 16. Ne4 Nxe4 17. Rxe4 f5 18. Ree1 f4 
19. Kh1 Rf6 20. Bxf4 Bxf4 21. gxf4 Rxf4 22. Ng1 Raf8 23. Bd5+ Kh8 24. f3 Ne7 
25. Be4 Bh5 26. Qd2 b6 27. b4 axb4 28. axb4 Qd6 29. bxc5 bxc5 30. Ra1 Bg6 
31. Qg2 R4f6 32. Ne2 Nf5 33. Rg1 Ne3 34. Qxg6 Rxg6 35. Rxg6 Qb8 36. Rag1 Qc7 
37. Ng3 Rf6 38. Nh5 Rxg6 39. Rxg6 Qe7 40. Nxg7 Qxg7 41. Rxg7 Kxg7 42. Kg1 Kf6 
43. Kf2 Kg5 44. Kg3 Nf1+ 45. Kf2 Ne3 46. Kg3 Nf1+ 47. Kf2 1/2-1/2

[Event "AUT_chT 2012/13"]
[Site "Hohenems"]
[Date "2013.03.21"]
[Round "8"]
[Board "6"]
[White "Kreisl, Robert"]
[Black "Haas, Bernhard"]
[Result "1-0"]
[WhiteElo "2410"]
[BlackElo "2009"]
[PlyCount "80"]
[EventDate "2012.11.02"]
[EventType "team"]
[EventRounds "11"]
[EventCountry "AUT"]
[WhiteTeam "SK MPOE Maria Saal"]
[BlackTeam "SK Husek Wien"]

1. Nf3 Nf6 2. g3 g6 3. b3 b6 4. Bb2 Bb7 5. Bg2 Bg7 6. c4 d6 
7. d4 Nbd7 8. O-O O-O 9. Nc3 Ne4 10. Qc2 Nxc3 11. Bxc3 Nf6 12. Rfd1 Be4 
13. Qb2 d5 14. Bf1 Bxf3 15. exf3 e6 16. Rac1 Rc8 17. Qa3 Re8 18. Qa4 dxc4 
19. bxc4 Qd7 20. Qa6 c6 21. a4 Qc7 22. a5 Nd7 23. axb6 axb6 24. Qa1 Ra8 
25. Qb2 Ra7 26. f4 Rea8 27. Qe2 Ra2 28. Rc2 Rxc2 29. Qxc2 Rd8 30. Bg2 c5 
31. d5 exd5 32. Bxd5 Nf6 33. Be5 Qe7 34. Qb2 Nxd5 35. cxd5 Bxe5 36. fxe5 Qb7 
37. d6 b5 38. Re1 Qc6 39. h4 c4 40. Qd4 b4 1-0

[Event "AUT_chT 2012/13"]
[Site "Hohenems"]
[Date "2013.03.21"]
[Round "8"]
[Board "2"]
[White "Rozentalis, Eduardas"]
[Black "Hera, Imre"]
[Result "1-0"]
[WhiteElo "2616"]
[BlackElo "2575"]
[PlyCount "135"]
[EventDate "2012.11.02"]
[EventType "team"]
[EventRounds "11"]
[EventCountry "AUT"]
[WhiteTeam "SK Hohenems"]
[BlackTeam "SK Sparkasse Fuerstenfeld"]

1. e4 c5 2. Nf3 e6 3. c3 Nf6 4. e5 Nd5 5. Bc4 d6 6. d4 cxd4 
7. cxd4 Be7 8. O-O O-O 9. Qe2 Nc6 10. Qe4 Bd7 11. exd6 Bxd6 12. Nc3 Nce7 
13. Bg5 Nxc3 14. bxc3 Bc6 15. Qg4 Qc7 16. Bd3 Ng6 17. h4 f5 18. Qh3 Bd5 
19. c4 Bxc4 20. Rfc1 b5 21. Nd2 Nf4 22. Bxf4 Bxf4 23. Bxc4 bxc4 24. Rxc4 Qf7 
25. Qc3 e5 26. Nf3 e4 27. Ne5 Qe7 28. Rc7 Qe6 29. Rb1 Rab8 30. Rxg7+ Kxg7 
31. Rxb8 Rxb8 32. Qc7+ Kf6 33. Qxb8 Bxe5 34. dxe5+ Qxe5 35. Qh8+ Ke6 36. Qxh7 Qa5 
37. Kh2 Kf6 38. Qh6+ Kf7 39. Qg5 Qxa2 40. Qxf5+ Kg7 41. h5 a5 42. Qg6+ Kh8 
43. Qf6+ Kg8 44. Qg6+ Kh8 45. h6 Qg8 46. Qf5 a4 47. Qe5+ Kh7 48. Qxe4+ Qg6 
49. Qxa4 Qxh6+ 50. Kg3 Qg6+ 51. Qg4 Qd6+ 52. Kh3 Qd3+ 53. f3 Qd2 54. Qe4+ Kg8 
55. Kg3 Qc3 56. Qd5+ Kf8 57. Kf4 Qc7+ 58. Kg4 Kg7 59. f4 Qc2 60. Qe5+ Kg8 
61. g3 Qd3 62. f5 Kh7 63. Kg5 Qd2+ 64. Qf4 Qd8+ 65. f6 Qg8+ 66. Kh4 Qf7 
67. Qf5+ Kg8 68. Qg4+ 1-0

[Event "AUT_chT 2012/13"]
[Site "Hohenems"]
[Date "2013.03.21"]
[Round "8"]
[Board "3"]
[White "Szabo Gergely, Andras Gyula"]
[Black "Naumann, Alexander"]
[Result "1/2-1/2"]
[WhiteElo "2545"]
[BlackElo "2540"]
[PlyCount "65"]
[EventDate "2012.11.02"]
[EventType "team"]
[EventRounds "11"]
[EventCountry "AUT"]
[WhiteTeam "SK Sparkasse Fuerstenfeld"]
[BlackTeam "SK Hohenems"]

1. d4 Nf6 2. Nf3 g6 3. Nbd2 c5 4. dxc5 Qa5 5. a3 Qxc5 6. b4 Qc7 
7. Bb2 Bg7 8. c4 d6 9. e3 O-O 10. Be2 b6 11. O-O Bb7 12. Qb3 Nbd7 
13. Rac1 Rac8 14. Rfd1 Qb8 15. Nd4 Ne5 16. N2f3 Ned7 17. Nb5 Qa8 18. Ne1 a6 
19. Nd4 Rc7 20. Bf3 Rfc8 21. Rc2 Ne5 22. Bxb7 Qxb7 23. Rdc1 Nfd7 24. h3 e6 
25. Ndf3 Nxf3+ 26. Nxf3 Bxb2 27. Qxb2 Qe4 28. Qb3 Ne5 29. Nxe5 Qxe5 30. Qd3 Rc6 
31. e4 g5 32. g3 Kf8 33. Kg2 1/2-1/2

[Event "AUT_chT 2012/13"]
[Site "Hohenems"]
[Date "2013.03.21"]
[Round "8"]
[Board "5"]
[White "Schwarhofer, Christopher"]
[Black "Atlas, Valery"]
[Result "0-1"]
[WhiteElo "2291"]
[BlackElo "2448"]
[PlyCount "164"]
[EventDate "2012.11.02"]
[EventType "team"]
[EventRounds "11"]
[EventCountry "AUT"]
[WhiteTeam "SK Sparkasse Fuerstenfeld"]
[BlackTeam "SK Hohenems"]

1. e4 c5 2. Nf3 e6 3. d4 cxd4 4. Nxd4 Nf6 5. Nc3 d6 6. Be3 Be7 
7. g4 h5 8. gxh5 Rxh5 9. Be2 Rh3 10. Qd2 a6 11. O-O-O b5 12. a3 Bb7 
13. f3 Nbd7 14. Rdg1 Rh7 15. Kb1 Rc8 16. Rg2 Ne5 17. Rhg1 g6 18. Bd3 Nc4 
19. Bxc4 Rxc4 20. Nb3 Qc7 21. Bd4 Nd7 22. Re2 Ne5 23. Qe3 b4 24. Bb6 Qb8 
25. axb4 Rxb4 26. Ba7 Qa8 27. f4 Nc4 28. Qf2 Bh4 29. Qd4 Na3+ 30. bxa3 Rxd4 
31. Bxd4 Rh5 32. f5 Rg5 33. Rxg5 Bxg5 34. Rg2 Qd8 35. fxg6 fxg6 36. h4 e5 
37. Bxe5 dxe5 38. Rxg5 Kf7 39. Rxe5 Qxh4 40. Nc5 Qf6 41. Nd3 Qb6+ 42. Ka2 Qd4 
43. Rc5 Bxe4 44. Nxe4 Qxe4 45. Ne5+ Kf6 46. Nxg6 Kxg6 47. Rc3 Qd5+ 48. Rb3 Kf5 
49. Kb2 Qd4+ 50. Kb1 Qg1+ 51. Kb2 Qg7+ 52. Kb1 Ke4 53. Rd3 a5 54. Ka2 Qg1 
55. Kb2 Qf1 56. Rb3 Qf6+ 57. Ka2 Kd4 58. Rd3+ Kc4 59. Rb3 Qe5 60. Rd3 Qe1 
61. Kb2 a4 62. Rf3 Qe5+ 63. Kb1 Qb5+ 64. Ka2 Qg5 65. Kb1 Qg1+ 66. Kb2 Qd4+ 
67. Ka2 Qd1 68. Rc3+ Kb5 69. Rc8 Qc1 70. Rc3 Qe1 71. Rd3 Qc1 72. Rc3 Qd2 
73. Rc8 Kb6 74. Kb1 Qd1+ 75. Kb2 Qd4+ 76. Kb1 Kb7 77. Re8 Qc3 78. Re7+ Kc6 
79. Re6+ Kd5 80. Rh6 Qxa3 81. c4+ Kxc4 82. Rh4+ Kd5 0-1

[Event "AUT_chT 2012/13"]
[Site "Hohenems"]
[Date "2013.03.21"]
[Round "8"]
[Board "6"]
[White "Breder, Dennis"]
[Black "Postl, Anton"]
[Result "1-0"]
[WhiteElo "2442"]
[BlackElo "2259"]
[PlyCount "139"]
[EventDate "2012.11.02"]
[EventType "team"]
[EventRounds "11"]
[EventCountry "AUT"]
[WhiteTeam "SK Hohenems"]
[BlackTeam "SK Sparkasse Fuerstenfeld"]

1. e4 c5 2. Nf3 d6 3. Bb5+ Nd7 4. d4 Ngf6 5. Nc3 cxd4 6. Qxd4 e5 
7. Qd3 h6 8. Bc4 a6 9. a4 Qc7 10. Be3 Nc5 11. Bxc5 Qxc5 12. O-O Be7 
13. Nd5 Nxd5 14. Bxd5 O-O 15. Rfb1 a5 16. Ra3 Rb8 17. Rc3 Qb6 18. Qc4 Bd8 
19. Rb3 Qc7 20. Nd2 Bd7 21. Ra1 b6 22. Qxc7 Bxc7 23. Rc3 Rfc8 24. Nc4 Bxa4 
25. Rxa4 b5 26. Rxa5 bxc4 27. Ra2 Bb6 28. Rxc4 Rxc4 29. Bxc4 Kf8 30. Kf1 g6 
31. Bd5 Ke7 32. Ke2 f5 33. g3 f4 34. gxf4 exf4 35. Kf3 Kf6 36. c3 Ke5 
37. h3 h5 38. Bf7 Kf6 39. Bc4 Ke5 40. Ra1 g5 41. Rg1 Bd8 42. b3 Rc8 
43. Ra1 Bb6 44. Rg1 Bd8 45. Rd1 Rc5 46. Rd3 Ba5 47. b4 Rxc4 48. Rd5+ Ke6 
49. bxa5 Rxc3+ 50. Kg2 Rc4 51. Rxg5 Rxe4 52. Rxh5 Ra4 53. Kf3 Ra2 54. h4 Kf6 
55. Rb5 Ke6 56. h5 Kf6 57. Rd5 Kg7 58. Rf5 Kh6 59. Rb5 Kg7 60. Rd5 Kh7 
61. Kxf4 Rxf2+ 62. Kg5 Re2 63. Kf6 Kh6 64. a6 Ra2 65. Rxd6 Kxh5 66. Ke7 Kg5 
67. Kd8 Kf5 68. Kc7 Ke5 69. Rb6 Kd5 70. Kb7 1-0

[Event "AUT_chT 2012/13"]
[Site "Hohenems"]
[Date "2013.03.21"]
[Round "8"]
[Board "1"]
[White "Hracek, Zbynek"]
[Black "Babula, Vlastimil"]
[Result "1-0"]
[WhiteElo "2615"]
[BlackElo "2585"]
[PlyCount "83"]
[EventDate "2012.11.02"]
[EventType "team"]
[EventRounds "11"]
[EventCountry "AUT"]
[WhiteTeam "SK Zwettl"]
[BlackTeam "Club 7 Ansfelden"]

1. e4 e5 2. Nf3 Nc6 3. d4 exd4 4. Nxd4 Bc5 5. Nxc6 Qf6 6. Qf3 bxc6 
7. Nc3 d6 8. Be3 Bb6 9. O-O-O Qxf3 10. gxf3 Ne7 11. Rg1 O-O 12. f4 Ng6 
13. Rg3 Re8 14. Bd3 f6 15. Bc4+ Kf8 16. h4 Re7 17. h5 Nh8 18. Rdg1 h6 
19. e5 Bxe3+ 20. fxe3 fxe5 21. fxe5 d5 22. Bb3 Be6 23. Na4 g5 24. hxg6 Kg7 
25. Nc5 Bf5 26. e6 Bxe6 27. Ba4 Bg8 28. Bxc6 Rd8 29. Bb5 d4 30. exd4 Rxd4 
31. Bd3 Re5 32. Nb3 Ra4 33. a3 Bd5 34. Nd2 Rf4 35. Nb1 h5 36. Nc3 Bc6 
37. Rh3 Bd7 38. Rh2 Rg4 39. Rgh1 Bc6 40. Rxh5 Bxh1 41. Rxe5 Nxg6 42. Ra5 1-0

[Event "AUT_chT 2012/13"]
[Site "Hohenems"]
[Date "2013.03.21"]
[Round "8"]
[Board "3"]
[White "Bernasek, Jan"]
[Black "Felsberger, Alfred"]
[Result "1-0"]
[WhiteElo "2506"]
[BlackElo "2366"]
[PlyCount "63"]
[EventDate "2012.11.02"]
[EventType "team"]
[EventRounds "11"]
[EventCountry "AUT"]
[WhiteTeam "SK Zwettl"]
[BlackTeam "Club 7 Ansfelden"]

1. d4 Nf6 2. c4 Nc6 3. Nc3 e6 4. e3 Bb4 5. Nge2 O-O 6. a3 Bxc3+ 
7. Nxc3 d5 8. Be2 b6 9. O-O a5 10. b3 Bb7 11. Bb2 Qe7 12. Rc1 Rfd8 
13. Qc2 Rac8 14. Rfd1 h6 15. Bf3 Ba8 16. Nb5 Rb8 17. cxd5 exd5 18. Rd3 Qd7 
19. Rc3 Nb4 20. axb4 Qxb5 21. Rxc7 Qxb4 22. Ra1 Qb5 23. Ba3 Rd7 24. Be2 Rxc7 
25. Qxc7 Qe8 26. Rc1 Qd8 27. Bd6 Qxc7 28. Bxc7 Rb7 29. Be5 Ra7 30. Rc8+ Kh7 
31. Bd3+ Ne4 32. Bb8 1-0

[Event "AUT_chT 2012/13"]
[Site "Hohenems"]
[Date "2013.03.21"]
[Round "8"]
[Board "4"]
[White "Moser, Guenter"]
[Black "Blatny, Pavel"]
[Result "1-0"]
[WhiteElo "2356"]
[BlackElo "2420"]
[PlyCount "79"]
[EventDate "2012.11.02"]
[EventType "team"]
[EventRounds "11"]
[EventCountry "AUT"]
[WhiteTeam "Club 7 Ansfelden"]
[BlackTeam "SK Zwettl"]

1. d4 b6 2. Nf3 Bb7 3. c4 e6 4. a3 f5 5. d5 Be7 6. g3 Nf6 
7. Nc3 Ne4 8. Bd2 Bf6 9. Rc1 O-O 10. Bg2 a5 11. O-O Na6 12. Be1 Nd6 
13. Nd2 e5 14. Na4 e4 15. Nb3 Rb8 16. c5 Nxc5 17. Nbxc5 bxc5 18. Rxc5 Ba6 
19. Bxa5 Nb5 20. d6 Rb7 21. dxc7 Qc8 22. Nb6 Rxb6 23. Bxb6 Nd4 24. Re1 g6 
25. Rd5 Ne6 26. Rxd7 Qe8 27. Rd6 Qf7 28. Ba5 Bc8 29. Qc1 Be7 30. Rxe6 Bxe6 
31. Rd1 Qf6 32. e3 Qe5 33. Qc3 Qxc3 34. Bxc3 Ra8 35. f3 Kf7 36. fxe4 Ra7 
37. exf5 gxf5 38. Be5 Ra5 39. Bf4 Bf6 40. Bd5 1-0

[Event "AUT_chT 2012/13"]
[Site "Hohenems"]
[Date "2013.03.21"]
[Round "8"]
[Board "5"]
[White "Schroll, Gerhard"]
[Black "Ennsberger, Ulrich"]
[Result "1-0"]
[WhiteElo "2403"]
[BlackElo "2368"]
[PlyCount "49"]
[EventDate "2012.11.02"]
[EventType "team"]
[EventRounds "11"]
[EventCountry "AUT"]
[WhiteTeam "SK Zwettl"]
[BlackTeam "Club 7 Ansfelden"]

1. d4 Nf6 2. c4 e6 3. Nc3 Bb4 4. e3 O-O 5. Nge2 d5 6. a3 Bd6 
7. Ng3 c5 8. dxc5 Bxc5 9. Be2 Nc6 10. b4 Be7 11. Bb2 a6 12. O-O dxc4 
13. Bxc4 b5 14. Be2 Bb7 15. Bf3 Qb6 16. Nce4 Nxe4 17. Bxe4 f5 18. Bf3 Bf6 
19. Qb3 Rae8 20. Rad1 Bxb2 21. Qxb2 Rd8 22. Qb3 Bc8 23. Qc3 Ne7 24. Nh5 Rf7 
25. Qc5 1-0

[Event "AUT_chT 2012/13"]
[Site "Hohenems"]
[Date "2013.03.21"]
[Round "8"]
[Board "6"]
[White "Knoll, Hermann"]
[Black "Buchnicek, Petr"]
[Result "0-1"]
[WhiteElo "2302"]
[BlackElo "2352"]
[PlyCount "100"]
[EventDate "2012.11.02"]
[EventType "team"]
[EventRounds "11"]
[EventCountry "AUT"]
[WhiteTeam "Club 7 Ansfelden"]
[BlackTeam "SK Zwettl"]

1. e4 c6 2. d4 d5 3. e5 Bf5 4. Ne2 e6 5. Ng3 Bg6 6. h4 f6 
7. h5 Bf7 8. f4 c5 9. c3 Qb6 10. Qb3 Qxb3 11. axb3 cxd4 12. cxd4 Nh6 
13. Nc3 a6 14. Be2 Be7 15. Bf3 Nc6 16. Be3 O-O-O 17. Ke2 Kb8 18. Na4 Rc8 
19. Nb6 Rc7 20. f5 fxe5 21. fxe6 Bxe6 22. dxe5 Nxe5 23. Bxd5 Bg4+ 24. Kf1 Rf8+ 
25. Kg1 Bc5 26. Bxc5 Rxc5 27. b4 Rb5 28. Re1 Nd3 29. Re7 Rxb6 30. Rxg7 Nxb4 
31. Be4 Rf7 32. Rxf7 Nxf7 33. Bxh7 Nh6 34. Be4 Nc6 35. Kf2 Rxb2+ 36. Ke3 Ne5 
37. Kf4 Nef7 38. Rf1 Rb6 39. Ke3 Rb3+ 40. Kf4 Rb6 41. Ke3 Re6 42. Kd4 Nd6 
43. Bg6 Kc7 44. Rf8 Kd7 45. Ne4 Nhf5+ 46. Bxf5 Nxf5+ 47. Kd5 Ne7+ 48. Kd4 Nc6+ 
49. Kd3 Ke7 50. Rh8 Bf5 0-1

[Event "AUT_chT 2012/13"]
[Site "Hohenems"]
[Date "2013.03.21"]
[Round "8"]
[Board "1"]
[White "Bosiocic, Marin"]
[Black "Lenic, Luka"]
[Result "1/2-1/2"]
[WhiteElo "2571"]
[BlackElo "2618"]
[PlyCount "46"]
[EventDate "2012.11.02"]
[EventType "team"]
[EventRounds "11"]
[EventCountry "AUT"]
[WhiteTeam "ASVOE Fundermax St.Veit"]
[BlackTeam "SV Raika Rapid Feffernitz"]

1. Nf3 Nf6 2. c4 c5 3. g3 Nc6 4. Bg2 d6 5. O-O g6 6. d4 cxd4 
7. Nxd4 Bd7 8. Nc3 Bg7 9. Nc2 O-O 10. b3 a6 11. Bb2 Rc8 12. Nd5 Nxd5 
13. Bxg7 Ne3 14. Nxe3 Kxg7 15. Rc1 Be6 16. Qd2 Qa5 17. Qxa5 Nxa5 18. Nd5 Nc6 
19. Nb6 Rc7 20. Nd5 Rcc8 21. Nb6 Rc7 22. Nd5 Rcc8 23. Nb6 Rc7 1/2-1/2

[Event "AUT_chT 2012/13"]
[Site "Hohenems"]
[Date "2013.03.21"]
[Round "8"]
[Board "2"]
[White "Sebenik, Matej"]
[Black "Kuljasevic, Davorin"]
[Result "1/2-1/2"]
[WhiteElo "2537"]
[BlackElo "2564"]
[PlyCount "60"]
[EventDate "2012.11.02"]
[EventType "team"]
[EventRounds "11"]
[EventCountry "AUT"]
[WhiteTeam "SV Raika Rapid Feffernitz"]
[BlackTeam "ASVOE Fundermax St.Veit"]

1. c4 Nf6 2. g3 c6 3. Nf3 d5 4. Bg2 g6 5. d4 Bg7 6. cxd5 cxd5 
7. Nc3 O-O 8. Ne5 e6 9. O-O Nfd7 10. Nf3 Nf6 11. Ne5 Nfd7 12. Nf3 Nf6 
13. Bf4 Nc6 14. Ne5 Nxe5 15. Bxe5 Bd7 16. e3 Bc6 17. Qe2 Qd7 18. Rfc1 Rfc8 
19. Rc2 Ne8 20. Bxg7 Kxg7 21. Rac1 Nd6 22. b3 b6 23. h4 h6 24. Qd2 Bb7 
25. Ne2 Rxc2 26. Rxc2 Rc8 27. Rxc8 Qxc8 28. Qc3 Ba6 29. Qxc8 Nxc8 30. Nc3 Nd6 
1/2-1/2

[Event "AUT_chT 2012/13"]
[Site "Hohenems"]
[Date "2013.03.21"]
[Round "8"]
[Board "3"]
[White "Rogic, Davor"]
[Black "Skoberne, Jure"]
[Result "1/2-1/2"]
[WhiteElo "2572"]
[BlackElo "2543"]
[PlyCount "60"]
[EventDate "2012.11.02"]
[EventType "team"]
[EventRounds "11"]
[EventCountry "AUT"]
[WhiteTeam "ASVOE Fundermax St.Veit"]
[BlackTeam "SV Raika Rapid Feffernitz"]

1. e4 c5 2. Nf3 Nc6 3. d4 cxd4 4. Nxd4 Nf6 5. Nc3 e5 6. Ndb5 d6 
7. Bg5 a6 8. Na3 b5 9. Nd5 Be7 10. Bxf6 Bxf6 11. c4 b4 12. Nc2 a5 
13. g3 Bg5 14. Bg2 O-O 15. O-O Rb8 16. b3 Ne7 17. Nce3 Bxe3 18. Nxe3 Be6 
19. Qd2 Qb6 20. Rfd1 Rfd8 21. Rac1 g6 22. Nd5 Nxd5 23. cxd5 Bd7 24. Bf1 Rbc8 
25. Qe3 Qxe3 26. fxe3 Rxc1 27. Rxc1 Rc8 28. Rxc8+ Bxc8 29. Bd3 Kf8 30. Kf2 Ke7 
1/2-1/2

[Event "AUT_chT 2012/13"]
[Site "Hohenems"]
[Date "2013.03.21"]
[Round "8"]
[Board "4"]
[White "Zorko, Jure"]
[Black "Hoelzl, Franz"]
[Result "1/2-1/2"]
[WhiteElo "2464"]
[BlackElo "2334"]
[PlyCount "60"]
[EventDate "2012.11.02"]
[EventType "team"]
[EventRounds "11"]
[EventCountry "AUT"]
[WhiteTeam "SV Raika Rapid Feffernitz"]
[BlackTeam "ASVOE Fundermax St.Veit"]

1. d4 Nf6 2. Nf3 d5 3. c4 e6 4. Nc3 dxc4 5. e3 a6 6. a4 c5 
7. Bxc4 Nc6 8. O-O Be7 9. Qe2 cxd4 10. Rd1 e5 11. exd4 exd4 12. Nxd4 Nxd4 
13. Qe5 Qd6 14. Qxd4 Qxd4 15. Rxd4 O-O 16. Bf4 Rd8 17. Rxd8+ Bxd8 18. Rd1 Bg4 
19. f3 Bd7 20. b3 Bc6 21. Be5 Rc8 22. Kf1 h6 23. Bd4 Be7 24. Be5 Kf8 
25. Bd6 Bxd6 26. Rxd6 Ke7 27. Rd2 Bd7 28. Nd5+ Nxd5 29. Bxd5 Rc1+ 30. Kf2 Bc6 
1/2-1/2

[Event "AUT_chT 2012/13"]
[Site "Hohenems"]
[Date "2013.03.21"]
[Round "8"]
[Board "6"]
[White "Koefeler, Christian"]
[Black "Kuess, Mario"]
[Result "1/2-1/2"]
[WhiteElo "2016"]
[BlackElo "2059"]
[PlyCount "65"]
[EventDate "2012.11.02"]
[EventType "team"]
[EventRounds "11"]
[EventCountry "AUT"]
[WhiteTeam "SV Raika Rapid Feffernitz"]
[BlackTeam "ASVOE Fundermax St.Veit"]

1. e4 c5 2. c3 d5 3. exd5 Qxd5 4. d4 cxd4 5. Nf3 Nc6 6. cxd4 Bg4 
7. Nc3 Qa5 8. Be2 e6 9. O-O Nf6 10. Qb3 Qb4 11. Qxb4 Bxb4 12. Be3 O-O 
13. h3 Bh5 14. Rac1 a6 15. g4 Bg6 16. Ne5 Nxe5 17. dxe5 Ne4 18. Nxe4 Bxe4 
19. a3 Ba5 20. b4 Bd8 21. Bc5 Re8 22. f4 Bc6 23. Bf3 Rc8 24. Bxc6 Rxc6 
25. Be3 Bb6 26. Bxb6 Rxb6 27. Rc5 h6 28. Rd1 Rc6 29. Rxc6 bxc6 30. Rc1 Rc8 
31. Rc5 Kf8 32. Kf2 Ke7 33. Ke3 1/2-1/2

[Event "AUT_chT 2012/13"]
[Site "Hohenems"]
[Date "2013.03.21"]
[Round "8"]
[Board "3"]
[White "Schlosser, Philipp"]
[Black "Pilz, Dieter"]
[Result "1-0"]
[WhiteElo "2579"]
[BlackElo "2312"]
[PlyCount "41"]
[EventDate "2012.11.02"]
[EventType "team"]
[EventRounds "11"]
[EventCountry "AUT"]
[WhiteTeam "SK Sparkasse Jenbach"]
[BlackTeam "SK Absam"]

1. d4 c5 2. d5 d6 3. e4 a6 4. a4 Nf6 5. Nc3 g6 6. Nf3 Bg4 
7. Be2 Bxf3 8. Bxf3 Nbd7 9. O-O Bg7 10. Re1 O-O 11. Bg5 Rb8 12. Be2 Ne8 
13. Qd2 Nc7 14. a5 b5 15. axb6 Rxb6 16. Ra2 Nb5 17. Nd1 Re8 18. Ne3 Nc7 
19. Nc4 Rb4 20. c3 Rxc4 21. Bxc4 1-0